|
|
|
|
| LEADER |
00924nam a2200337 4500 |
| 001 |
DLU120131352 |
| 005 |
##20120217 |
| 040 |
# |
# |
|a DLU
|b vie
|
| 041 |
# |
# |
|a vie
|
| 044 |
# |
# |
|a vn
|
| 082 |
# |
# |
|a 390.095 973
|b NG-Y
|
| 100 |
# |
# |
|a Nguyễn Như Ý.
|
| 245 |
# |
# |
|a Từ điển văn hoá, phong tục cổ truyền Việt Nam /
|c Nguyễn Như Ý, Chu Huy.
|
| 260 |
# |
# |
|a H. :
|b Giáo dục Việt Nam,
|c 2011.
|
| 300 |
# |
# |
|a 439 tr. ;
|c 21 cm.
|
| 504 |
# |
# |
|a Tài liệu tham khảo : tr.438-439.
|
| 650 |
# |
# |
|a Văn hoá dân gian
|z Việt Nam
|v Từ điển.
|
| 651 |
# |
# |
|a Việt Nam
|x Đời sống xã hội và tập quán
|v Từ điển.
|
| 700 |
# |
# |
|a Chu Huy.
|
| 923 |
# |
# |
|a 01/2012DL
|
| 991 |
# |
# |
|a SH
|
| 992 |
# |
# |
|a 120000
|
| 994 |
# |
# |
|a KDL
|
| 998 |
# |
# |
|a TK
|
| 900 |
# |
# |
|a True
|
| 911 |
# |
# |
|a Nguyễn Thanh Hương
|
| 925 |
# |
# |
|a G
|
| 926 |
# |
# |
|a A
|
| 927 |
# |
# |
|a SH
|
| 980 |
# |
# |
|a Thư viện Trường Đại học Đà Lạt
|